[Event "Amber Rapid"]
[Site "Monte Carlo MNC"]
[Date "2006.03.18"]
[Round "1"]
[White "Aronian,L"]
[Black "Van Wely,L"]
[Result "1-0"]
[WhiteElo "2752"]
[BlackElo "2647"]
[EventDate "2006.03.18"]

1. e4 c5 2. b3 e6 3. Bb2 d5 4. exd5 exd5 5. Bb5+ Bd7 6. Qe2+ Qe7 7. Nc3
Qxe2+ 8. Bxe2 d4 9. Nb5 Kd8 10. c3 a6 11. Na3 dxc3 12. dxc3 Nc6 13. Nc4 Kc7
14. Bc1 b5 15. Bf4+ Kb7 16. O-O-O Nf6 17. Ne3 Be7 18. Bf3 Rhd8 19. Ne2 Be6
20. g4 Rxd1+ 21. Rxd1 Rd8 22. Rxd8 Bxd8 23. g5 Nd7 24. h4 f6 25. Be4 g6 26.
Kd2 fxg5 27. hxg5 Bc7 28. Nd5 Bxf4+ 29. Nexf4 Bf7 30. Ne7 Nde5 31. Nd3 Kb6
32. Nxc6 Nxc6 33. Bxc6 1-0

[Event "Amber Rapid"]
[Site "Monte Carlo MNC"]
[Date "2006.03.19"]
[Round "2"]
[White "Topalov,V"]
[Black "Aronian,L"]
[Result "1/2-1/2"]
[WhiteElo "2801"]
[BlackElo "2752"]
[EventDate "2006.03.18"]

1. Nf3 b6 2. g3 Bb7 3. Bg2 e5 4. c4 g6 5. d4 exd4 6. Qxd4 Nf6 7. Nc3 Bg7 8.
O-O Nc6 9. Qe3+ Qe7 10. Qxe7+ Kxe7 11. Bg5 Na5 12. Nd2 Bxg2 13. Kxg2 Ke6
14. Rac1 h6 15. Bxf6 Bxf6 16. Nd5 Bxb2 17. Nxc7+ Kd6 18. Nxa8 Bxc1 19. c5+
Ke7 20. Rxc1 Rxa8 21. cxb6 axb6 22. Rc3 Nc6 23. a3 b5 24. Re3+ Kf8 25. Rb3
Nd4 26. Rd3 Nxe2 27. Kf3 Nc1 28. Rc3 Na2 29. Rb3 Ra4 30. Ne4 b4 31. axb4
Rxb4 32. Ra3 Nc1 33. Nf6 Rb3+ 1/2-1/2

[Event "Amber Rapid"]
[Site "Monte Carlo MNC"]
[Date "2006.03.19"]
[Round "2"]
[White "Ivanchuk,V"]
[Black "Nielsen,PH"]
[Result "1/2-1/2"]
[WhiteElo "2729"]
[BlackElo "2644"]
[EventDate "2006.03.18"]

1. d4 Nf6 2. c4 e6 3. Nf3 d5 4. Nc3 Be7 5. Bg5 Nbd7 6. e3 O-O 7. cxd5 Nxd5
8. Bxe7 Qxe7 9. Rc1 N5f6 10. Be2 c5 11. dxc5 Nxc5 12. b4 Rd8 13. Qc2 Ncd7
14. Qb2 Nb6 15. O-O Bd7 16. Rfd1 Rac8 17. a3 Be8 18. Rxd8 Qxd8 19. h3 h6
20. Nb5 Rxc1+ 21. Qxc1 Bxb5 22. Bxb5 Nfd5 23. Kf1 a6 24. Be2 Na4 25. Qc2
Ndc3 26. Bc4 b5 27. Bb3 g6 28. Nd4 Kh7 29. g3 Qa8 30. Kg1 Qb7 31. h4 h5 32.
Qd3 Kg7 33. Bc2 Qd5 34. Kh2 Kg8 35. Bb3 Qe4 36. Qd2 Nd5 37. Bc2 Qe5 38.
Bxa4 bxa4 39. Qc2 Nb6 40. Qc6 Qb8 41. Kg1 Qd8 42. Qb7 e5 43. Nf3 Nc4 44.
Ng5 Qe8 45. Ne4 Kg7 46. Qxa6 Nxa3 47. Nc3 Nc2 48. b5 Qd7 49. b6 Qc6 50.
Nxa4 Ne1 51. Kf1 Nf3 52. Qa5 Qc4+ 53. Kg2 Qe4 54. Nc3 Nxh4+ 55. Kf1 Qh1+
56. Ke2 Qf3+ 57. Kd3 Nf5 58. Qxe5+ Kh7 59. Ne4 Qd1+ 60. Nd2 Qa4 61. Qd5
Qa3+ 62. Qb3 Qa6+ 63. Kc2 Nd6 64. Qb4 Qc8+ 65. Kb2 Qc6 66. e4 Kg8 67. e5
Nb7 68. Ne4 Kg7 69. Qd4 Qb5+ 70. Kc3 Qa5+ 71. Kd3 Kf8 72. e6 Qb5+ 73. Kd2
Qa5+ 74. Ke2 Qa2+ 75. Kf3 Qxe6 76. Qb4+ Kg8 77. Qb5 Kg7 78. Kf4 Qg4+ 79.
Ke3 Qe6 80. Kd4 Nd6 81. Nxd6 Qxd6+ 82. Kc4 Qe6+ 83. Kb4 Qe1+ 84. Kb3 Qb1+
85. Kc4 Qe4+ 86. Kc3 Qe1+ 87. Kd4 Qxf2+ 88. Ke4 Qg2+ 89. Kd4 Qf2+ 90. Ke4
Qg2+ 1/2-1/2

[Event "Amber Blindfold"]
[Site "Monte Carlo MNC"]
[Date "2006.03.19"]
[Round "2"]
[White "Grischuk, A."]
[Black "Vallejo Pons, F."]
[Result "1/2-1/2"]
[WhiteElo "2717"]
[BlackElo "2650"]
[PlyCount "77"]
[EventDate "2006.03.18"]

1. e4 c5 2. Nf3 d6 3. d4 cxd4 4. Nxd4 Nf6 5. Nc3 a6 6. Be2 e5 7. Nb3 Be7 8. O-O
O-O 9. a4 Be6 10. f4 exf4 11. Nd4 f3 12. Bxf3 Nc6 13. Nf5 Re8 14. Kh1 Bf8 15.
Bg5 h6 16. Bh4 g6 17. Nxd6 Bxd6 18. Bxf6 Qxf6 19. Qxd6 Rad8 20. Qg3 Qg5 21. Nd5
Bxd5 22. exd5 Ne5 23. Rad1 Nc4 24. Rd4 Ne3 25. Qxg5 hxg5 26. Rc1 Nxc2 27. Rd2
Ne3 28. d6 Nc4 29. d7 Nxd2 30. dxe8=Q+ Rxe8 31. Bxb7 a5 32. h3 Re5 33. Kh2 Kf8
34. Rd1 Nc4 35. b3 Ne3 36. Rc1 g4 37. hxg4 Nxg4+ 38. Kg3 Nf6 39. Bf3 1/2-1/2